Tranzistorové a elektronkové voltmetry : [určeno studentům vysokých i odborných škol elektrotechnického směru] /

Hlavní autor: Labaj, Zdeněk
Další autoři: Staněk, Milan
Jazyk: Čeština
Vydáno: Praha : Státní nakladatelství technické literatury, 1970
Vydání: 1. vyd.
Edice: Řada elektrotechnické literatury
Externí odkaz: Digitalizovaný dokument
Fyzický popis: 193 s. : il. + 20 cm 11 l. příl. ;
Knihy
Uloženo v:
LEADER 01214nam a22003132a 4500
001 001278554
003 CZ BrMZK
005 20130709101626.0
007 ta
008 130212s1970 xr af er|||||||||||cze d
015 |a cnb000428311 
035 |a (OCoLC)42173147 
040 |a ABA001  |b cze  |c ABA001  |d ABA001 
080 9 |a 621.317.725:621.38.032(024) 
100 1 |a Labaj, Zdeněk  |7 ola2004235440  |4 aut 
245 1 0 |a Tranzistorové a elektronkové voltmetry :  |b [určeno studentům vysokých i odborných škol elektrotechnického směru] /  |c Zdeněk Labaj, Milan Staněk 
250 |a 1. vyd. 
260 |a Praha :  |b Státní nakladatelství technické literatury,  |c 1970 
300 |a 193 s. :  |b il. +  |e 11 l. příl. ;  |c 20 cm 
490 1 |a Řada elektrotechnické literatury 
500 |a 7200 výt. 
504 |a Obsahuje bibliografii 
700 1 |a Staněk, Milan  |7 jx20040109003  |4 aut 
830 0 |a Řada elektrotechnické literatury  |0 s 
856 4 1 |u http://www.digitalniknihovna.cz/mzk/uuid/uuid:5b5e2c30-7509-11e2-86a5-005056827e52  |y Digitalizovaný dokument  |x NDK 
910 |a BOA001  |b 2-0654.006 
990 |a BK 
991 |b 201302 
996 7 |b 2619524041  |c 2-0654.006  |l HP2  |r DEN  |n 0  |w 001312896  |u 000010  |a 1  |e BOA001  |j MZK50  |s A